[Event "34th European Club Cup 2018"]
[Site "Halkidiki"]
[Date "2018.10.14"]
[Round "3"]
[White "Zawadzka, Jolanta"]
[Black "Kosanovic, Goran A"]
[Result "1-0"]
[WhiteElo "2421"]
[BlackElo "2329"]
[Annotator "TA"]
[PlyCount "99"]
[EventDate "2018.10.12"]
[EventType "team-tourn"]
[EventCountry "GRE"]
[SourceTitle "playchess.com"]
[Source "ChessBase"]
[SourceQuality "1"]
[WhiteTeam "Thessalonikis"]
[BlackTeam "Sloven Ruma"]

1. e4 c5 2. Nf3 Nc6 3. d4 cxd4 4. Nxd4 e5 5. Nb5 a6 6. Nd6+ Bxd6 7. Qxd6 Qe7 8. Qd1 Nf6 9. Nc3 d6 10. Be3 Be6 11. Be2 O-O 12. O-O h6 13. Qd2 Qc7 14. Rac1 Rfd8 15. Bf3 b5 16. Rfd1 Rab8 17. a3 Ne7 18. Qe1 d5 19. exd5 Nexd5 20. Bd2 Rd7 21. h3 Re8 22. b3 Nxc3 23. Bxc3 Bd5 24. Be2 Qb7 25. Bf1 Ne4 26. Ba1 Re6 27. c4 Bc6 28. Rxd7 Qxd7 29. f3 Qa7+ 30. Kh2 Ng5 31. h4 e4 32. f4 Nf3+ 33. gxf3 exf3 34. Be5 Rg6 35. Bh3 f2 36. Qd2 bxc4 37. bxc4 Be4 38. Bd4 Qe7 39. Qxf2 Qxa3 40. Re1 f5 41. c5 a5 42. h5 Rc6 43. Bf1 Qb3 44. Qg3 Qa2+ 45. Kh3 Rc7 46. Qc3 Kh7 47. Be2 a4 48. Qg3 Qd5 49. Rd1 Qa2 50. Be5 1-0

[Event "34th European Club Cup 2018"]
[Site "Halkidiki"]
[Date "2018.10.14"]
[Round "3"]
[White "Warmerdam, Max"]
[Black "Abel, Dennes"]
[Result "1-0"]
[WhiteElo "2417"]
[BlackElo "2476"]
[Annotator "TA"]
[PlyCount "115"]
[EventDate "2018.10.12"]
[EventType "team-tourn"]
[EventCountry "GRE"]
[SourceTitle "playchess.com"]
[Source "ChessBase"]
[SourceQuality "1"]
[WhiteTeam "Apeldoorn"]
[BlackTeam "Berlin"]

1. d4 Nf6 2. c4 e6 3. g3 d5 4. Nf3 dxc4 5. Bg2 Bd7 6. Ne5 Bc6 7. Nxc6 Nxc6 8. O-O Qd7 9. e3 O-O-O 10. Qa4 Nd5 11. Qxc4 f5 12. Bd2 h5 13. Rc1 h4 14. b4 hxg3 15. hxg3 g5 16. b5 Nce7 17. a4 f4 18. e4 Nb6 19. Qb3 fxg3 20. Qxg3 Ng6 21. a5 Nf4 22. Bxf4 gxf4 23. Qf3 Qxd4 24. Nc3 Nd7 25. e5 Nc5 26. b6 a6 27. bxc7 Rd7 28. Na4 Rd5 29. Nb6+ Kxc7 30. Nxd5+ exd5 31. Qxd5 Qxd5 32. Bxd5 Rh5 33. Rab1 Rxe5 34. Rxb7+ Kd6 35. Rf7 Rxd5 36. Rxf8 Ne6 37. Rb8 f3 38. Rc3 Rd1+ 39. Kh2 Nd4 40. Re3 Rd2 41. Kg3 Kc7 42. Rf8 Rc2 43. Rf7+ Kc6 44. Rf6+ Kd5 45. Rxa6 Nf5+ 46. Kxf3 Nxe3 47. fxe3 Rc1 48. Ra8 Rf1+ 49. Ke2 Rf7 50. a6 Kc6 51. e4 Re7 52. Ke3 Kd6 53. Rh8 Ke5 54. Rh5+ Ke6 55. Ra5 Ra7 56. Kd4 Kd6 57. e5+ Ke6 58. Ke4 1-0

[Event "34th European Club Cup 2018"]
[Site "Halkidiki"]
[Date "2018.10.14"]
[Round "3"]
[White "Jepson, Christian"]
[Black "Noe, Christopher"]
[Result "*"]
[WhiteElo "2413"]
[BlackElo "2530"]
[Annotator "TA"]
[PlyCount "43"]
[EventDate "2018.10.12"]
[EventType "team-tourn"]
[EventCountry "GRE"]
[SourceTitle "playchess.com"]
[Source "ChessBase"]
[SourceQuality "1"]
[WhiteTeam "Nordkalotten"]
[BlackTeam "Echternach"]

1. d4 Nf6 2. c4 e6 3. Nc3 Bb4 4. e3 O-O 5. Bd3 d5 6. Nf3 c5 7. O-O Nc6 8. a3 Bxc3 9. bxc3 Qc7 10. cxd5 exd5 11. a4 c4 12. Bc2 Bg4 13. Ba3 Rfe8 14. Qe1 Bh5 15. Nh4 Ng4 16. g3 Bg6 17. Nxg6 hxg6 18. Qd2 f5 19. Rae1 Nf6 20. f3 Re6 21. g4 fxg4 22. Bxg6 *

[Event "34th European Club Cup 2018"]
[Site "Halkidiki"]
[Date "2018.10.14"]
[Round "3"]
[White "Mutschnik, Illya"]
[Black "Arnott, Jonathan W"]
[Result "1-0"]
[WhiteElo "2411"]
[BlackElo "2116"]
[Annotator "NA"]
[PlyCount "71"]
[EventDate "2018.10.12"]
[EventType "team-tourn"]
[EventCountry "GRE"]
[SourceTitle "playchess.com"]
[Source "ChessBase"]
[SourceQuality "1"]
[WhiteTeam "Zurich"]
[BlackTeam "White Rose"]

1. e4 e6 2. d3 d5 3. Nd2 Nf6 4. Ngf3 Bc5 5. e5 Nfd7 6. d4 Bb6 7. c4 c5 8. cxd5 exd5 9. Bd3 cxd4 10. O-O Nf8 11. Nb3 Nc6 12. Bb5 Bg4 13. h3 Bxf3 14. Qxf3 Ne6 15. Qg3 O-O 16. Bd3 f5 17. f4 Nb4 18. Bd2 Nxd3 19. Qxd3 Rc8 20. Rac1 Nc5 21. Nxc5 Bxc5 22. b4 Bb6 23. a4 a6 24. a5 Ba7 25. b5 axb5 26. Qxb5 d3+ 27. Kh2 Rb8 28. Bb4 Re8 29. Bd6 Rc8 30. Qxb7 Rxc1 31. Rxc1 Be3 32. Qxd5+ Kh8 33. Rf1 g5 34. fxg5 Qxg5 35. e6 h6 36. Rxf5 1-0

[Event "34th European Club Cup 2018"]
[Site "Halkidiki"]
[Date "2018.10.14"]
[Round "3"]
[White "Seyb, Alexander"]
[Black "Van Dommelen, Martin"]
[Result "1-0"]
[WhiteElo "2411"]
[BlackElo "2177"]
[Annotator "NA"]
[PlyCount "71"]
[EventDate "2018.10.12"]
[EventType "team-tourn"]
[EventCountry "GRE"]
[SourceTitle "playchess.com"]
[Source "ChessBase"]
[SourceQuality "1"]
[WhiteTeam "Berlin"]
[BlackTeam "Apeldoorn"]

1. e4 d6 2. d4 Nf6 3. Nc3 e5 4. Nf3 exd4 5. Nxd4 Be7 6. Be2 O-O 7. Bf4 Nc6 8. Qd2 Nxd4 9. Qxd4 Be6 10. O-O-O Nd7 11. h4 a6 12. g4 b5 13. g5 Re8 14. Qd2 Bf8 15. h5 b4 16. Nd5 c5 17. g6 h6 18. Bc4 Nf6 19. f3 a5 20. Rdg1 Kh8 21. Bb5 a4 22. Bxe8 Nxe8 23. c4 a3 24. b3 Ra7 25. Kb1 Nf6 26. Rh2 Ng8 27. Bg3 Rd7 28. Bh4 Qe8 29. Re2 fxg6 30. hxg6 Bxd5 31. exd5 Be7 32. Qf4 Qd8 33. Bxe7 Rxe7 34. Rge1 Qe8 35. Rxe7 Nxe7 36. Qf7 1-0

[Event "34th European Club Cup 2018"]
[Site "Halkidiki"]
[Date "2018.10.14"]
[Round "3"]
[White "Kazakovskiy, Valeriy"]
[Black "Nemeth, Miklos"]
[Result "0-1"]
[WhiteElo "2405"]
[BlackElo "2474"]
[Annotator "ChessBase"]
[PlyCount "80"]
[EventDate "2018.10.12"]
[EventType "team-tourn"]
[EventCountry "GRE"]
[SourceTitle "playchess.com"]
[Source "ChessBase"]
[SourceQuality "1"]
[WhiteTeam "Overtime"]
[BlackTeam "Dunajska Streda"]

1. d4 Nf6 2. Nf3 e6 3. c4 b6 4. g3 Bb7 5. Bg2 g6 6. O-O Bg7 7. Qc2 O-O 8. Nc3 d6 9. Rd1 Nbd7 10. b3 Qe7 11. Bb2 Rac8 12. Rac1 a6 13. e4 c5 14. Qe2 Rfd8 15. h3 cxd4 16. Nxd4 Nc5 17. Ba1 Ba8 18. Bb2 Bb7 19. Kh2 h5 20. h4 Qc7 21. Kg1 Qb8 22. b4 Ncd7 23. Na4 Qa8 24. Nb3 Nxe4 25. Bxg7 Kxg7 26. Bxe4 Bxe4 27. Rxd6 Bh1 28. f3 Bxf3 29. Qb2+ Kg8 30. Kh2 Qb8 31. c5 bxc5 32. bxc5 Bc6 33. Qa3 Ne5 34. Nc3 Ng4+ 35. Kg1 Rxd6 36. cxd6 Rd8 37. Rd1 Ne3 38. Rd3 Nf5 39. Qxa6 Rxd6 40. Kf2 Bb5 0-1

[Event "34th European Club Cup 2018"]
[Site "Halkidiki"]
[Date "2018.10.14"]
[Round "3"]
[White "Kjartansson, David"]
[Black "McHugh, Kevin"]
[Result "1-0"]
[WhiteElo "2404"]
[BlackElo "2084"]
[Annotator "TA"]
[PlyCount "39"]
[EventDate "2018.10.12"]
[EventType "team-tourn"]
[EventCountry "GRE"]
[SourceTitle "playchess.com"]
[Source "ChessBase"]
[SourceQuality "1"]
[WhiteTeam "Viking CC"]
[BlackTeam "St Benildus"]

1. e4 e6 2. d4 d5 3. Nc3 Nf6 4. Bg5 Be7 5. e5 Nfd7 6. h4 a6 7. Qg4 h5 8. Qg3 Bxg5 9. hxg5 g6 10. O-O-O c5 11. Nf3 Nc6 12. Rh4 cxd4 13. Nxd4 Ndxe5 14. Nxc6 Nxc6 15. Ne4 Qe7 16. Nf6+ Kf8 17. Be2 Qc5 18. Bxh5 Ke7 19. Qc7+ Kf8 20. Bxg6 1-0

[Event "34th European Club Cup 2018"]
[Site "Halkidiki"]
[Date "2018.10.14"]
[Round "3"]
[White "Saraci, Nderim"]
[Black "Ruchko, Denis"]
[Result "1-0"]
[WhiteElo "2402"]
[BlackElo "1908"]
[Annotator "NA"]
[PlyCount "83"]
[EventDate "2018.10.12"]
[EventType "team-tourn"]
[EventCountry "GRE"]
[SourceTitle "playchess.com"]
[Source "ChessBase"]
[SourceQuality "1"]
[WhiteTeam "Drejtesia"]
[BlackTeam "Ballinasloe"]

1. Nf3 d5 2. c4 e6 3. g3 Nf6 4. Bg2 Be7 5. O-O O-O 6. b3 b6 7. Bb2 Bb7 8. cxd5 Nxd5 9. d4 Nd7 10. e4 N5f6 11. Nfd2 c5 12. d5 exd5 13. e5 Ne4 14. Nxe4 dxe4 15. Qe2 c4 16. bxc4 f5 17. exf6 Bxf6 18. Nc3 Nc5 19. Rad1 Qe7 20. Nd5 Bxd5 21. cxd5 Bxb2 22. Qxb2 e3 23. d6 Qe8 24. Bxa8 e2 25. Bd5+ Kh8 26. Rfe1 exd1=Q 27. Rxd1 Rf6 28. Bg2 Qd7 29. Qe5 h6 30. h4 Rf5 31. Qd4 Rf6 32. Kh2 Ne6 33. Qe3 Nd8 34. Bh3 Qa4 35. Rd2 Qb4 36. d7 Qf8 37. Rc2 Kh7 38. f4 Qb4 39. Re2 Qd6 40. h5 Nc6 41. Qe4+ Kh8 42. Qxc6 1-0

[Event "34th European Club Cup 2018"]
[Site "Halkidiki"]
[Date "2018.10.14"]
[Round "3"]
[White "Dionisi, Thomas"]
[Black "Riemersma, Li"]
[Result "1/2-1/2"]
[WhiteElo "2398"]
[BlackElo "2460"]
[Annotator "ChessBase"]
[PlyCount "115"]
[EventDate "2018.10.12"]
[EventType "team-tourn"]
[EventCountry "GRE"]
[SourceTitle "playchess.com"]
[Source "ChessBase"]
[SourceQuality "1"]
[WhiteTeam "Bois-Colombes"]
[BlackTeam "BSG"]

1. e4 c5 2. Nf3 e6 3. c3 Nf6 4. e5 Nd5 5. d4 cxd4 6. cxd4 d6 7. Bc4 Nc6 8. O-O Be7 9. Qe2 O-O 10. Nc3 dxe5 11. dxe5 Nxc3 12. bxc3 Qa5 13. Bd2 Rd8 14. Rfe1 b6 15. Qe4 Bb7 16. Ng5 Bxg5 17. Bxg5 Rdc8 18. Bb3 Rc7 19. Bc2 f5 20. exf6 Qxg5 21. Qxe6+ Kf8 22. Qd6+ Ne7 23. fxe7+ Rxe7 24. Qxe7+ Qxe7 25. Rxe7 Kxe7 26. Bxh7 Rc8 27. Rc1 g6 28. Bxg6 Bxg2 29. Kxg2 Rg8 30. f4 Rxg6+ 31. Kf3 Rh6 32. Rc2 Kf6 33. Ke4 Rh7 34. c4 Rc7 35. c5 bxc5 36. Kd5 Rd7+ 37. Kc6 Rd4 38. Kxc5 Rxf4 39. Kb5 Ke6 40. a4 Rh4 41. a5 Kd6 42. Rd2+ Kc7 43. Kc5 Rh5+ 44. Kb4 Kc6 45. Ra2 Rh4+ 46. Kc3 a6 47. Kd3 Kb5 48. Ke3 Rh8 49. Kf4 Rf8+ 50. Kg5 Rg8+ 51. Kf6 Rh8 52. Kg7 Rh3 53. Kg6 Rh8 54. Kg5 Rg8+ 55. Kf6 Rh8 56. Kg6 Kb4 57. Kg5 Rg8+ 58. Kf5 1/2-1/2

[Event "34th European Club Cup 2018"]
[Site "Halkidiki"]
[Date "2018.10.14"]
[Round "3"]
[White "Vucinic, Gojko"]
[Black "Storme, Isak"]
[Result "0-1"]
[WhiteElo "2398"]
[BlackElo "2276"]
[Annotator "NA"]
[PlyCount "78"]
[EventDate "2018.10.12"]
[EventType "team-tourn"]
[EventCountry "GRE"]
[SourceTitle "playchess.com"]
[Source "ChessBase"]
[SourceQuality "1"]
[WhiteTeam "Itaka"]
[BlackTeam "SK Oslo"]

1. e4 e5 2. Nf3 Nc6 3. Bc4 Bc5 4. c3 Nf6 5. d4 exd4 6. e5 d5 7. Be2 Ne4 8. cxd4 Bb4+ 9. Bd2 Nxd2 10. Nbxd2 f6 11. O-O O-O 12. Nb3 fxe5 13. dxe5 Re8 14. Bb5 Bg4 15. Nbd4 Nxd4 16. Qxd4 Bxf3 17. Bxe8 Qg5 18. g3 Qf5 19. Bf7+ Qxf7 20. Qxb4 Qe6 21. Qh4 h6 22. g4 Rf8 23. Qg3 d4 24. b3 g5 25. Rfe1 Bc6 26. h3 Rf3 27. Qg2 Qd5 28. Qh2 d3 29. Rad1 Qe6 30. Re3 Rxe3 31. fxe3 Qd5 32. Rd2 Qc5 33. Qf2 Qc1+ 34. Kh2 Qh1+ 35. Kg3 Qe4 36. h4 Qh1 37. hxg5 hxg5 38. e4 Bxe4 39. Qh2 Qf3# 0-1

[Event "34th European Club Cup 2018"]
[Site "Halkidiki"]
[Date "2018.10.14"]
[Round "3"]
[White "Roberson, Peter T"]
[Black "Mueller, Reinhold"]
[Result "1-0"]
[WhiteElo "2396"]
[BlackElo "2306"]
[Annotator "NA"]
[PlyCount "67"]
[EventDate "2018.10.12"]
[EventType "team-tourn"]
[EventCountry "GRE"]
[SourceTitle "playchess.com"]
[Source "ChessBase"]
[SourceQuality "1"]
[WhiteTeam "Grantham"]
[BlackTeam "Dublin"]

1. e4 c5 2. Nf3 d6 3. d4 cxd4 4. Nxd4 Nf6 5. Nc3 g6 6. Be3 Bg7 7. f3 Nc6 8. Qd2 O-O 9. O-O-O d5 10. Qe1 e5 11. Nxc6 bxc6 12. exd5 cxd5 13. Bg5 Be6 14. Bc4 Qc7 15. Bxf6 dxc4 16. Bxg7 Kxg7 17. h4 Rad8 18. Rxd8 Rxd8 19. h5 g5 20. h6+ Kg6 21. Qe2 Qc5 22. f4 exf4 23. Qh5+ Kf5 24. g4+ fxg3 25. Rf1+ Qf2 26. Rxf2+ gxf2 27. Qf3+ Kg6 28. Qxf2 Rg8 29. Qh2 g4 30. Qf4 f5 31. Ne2 Kh5 32. Kd2 Rg5 33. Qh2+ Kg6 34. Qd6 1-0

[Event "34th European Club Cup 2018"]
[Site "Halkidiki"]
[Date "2018.10.14"]
[Round "3"]
[White "Haug, Johannes"]
[Black "Hamiti, Gani"]
[Result "1-0"]
[WhiteElo "2391"]
[BlackElo "2149"]
[Annotator "TA"]
[PlyCount "225"]
[EventDate "2018.10.12"]
[EventType "team-tourn"]
[EventCountry "GRE"]
[SourceTitle "playchess.com"]
[Source "ChessBase"]
[SourceQuality "1"]
[WhiteTeam "Nordstrand"]
[BlackTeam "Dardania"]

1. e4 e5 2. Nf3 Nc6 3. Bb5 a6 4. Ba4 Nf6 5. O-O Bc5 6. Bxc6 dxc6 7. d3 Bg4 8. Be3 Qe7 9. Nbd2 Rd8 10. Qe1 O-O 11. h3 Bc8 12. Nc4 Bd6 13. Bg5 b5 14. Ne3 h6 15. Bh4 g5 16. Bg3 Nh5 17. Nf5 Qf6 18. d4 exd4 19. Bxd6 cxd6 20. N3xd4 c5 21. Qd1 Nf4 22. Ne2 Bxf5 23. exf5 Qxf5 24. Nxf4 Qxf4 25. Re1 d5 26. a4 b4 27. Qe2 Rd6 28. Rad1 Rfd8 29. Qe7 Qf6 30. Qc7 c4 31. Re7 d4 32. Re4 Qf5 33. Rde1 Qd5 34. Re8+ Rxe8 35. Rxe8+ Kg7 36. Qe7 d3 37. Qf8+ Kg6 38. g4 Qd4 39. cxd3 cxd3 40. Re7 Qg7 41. Qb8 Rd4 42. Qc8 Rd5 43. Qc6+ Qf6 44. Qxd5 Qxe7 45. Qxd3+ Kg7 46. Qxa6 Qe1+ 47. Qf1 Qd2 48. Qa1 h5 49. b3+ f6 50. a5 hxg4 51. hxg4 Qd7 52. f3 Qd3 53. Qe1 Qxb3 54. Qe7+ Kg6 55. Qe4+ Kg7 56. a6 Qd1+ 57. Kg2 b3 58. Qe7+ Kg6 59. a7 Qd2+ 60. Kh3 Qc1 61. Qe8+ Kg7 62. Qe7+ Kg6 63. Qe4+ Kh6 64. f4 Qf1+ 65. Qg2 Qxg2+ 66. Kxg2 b2 67. a8=Q b1=Q 68. Qf8+ Kh7 69. Qf7+ Kh8 70. Qxf6+ Kh7 71. Qf7+ Kh6 72. Qh5+ Kg7 73. Qxg5+ Kh8 74. Qe5+ Kg8 75. g5 Qc2+ 76. Kg3 Qd3+ 77. Kg4 Qd7+ 78. Kf3 Qd1+ 79. Ke4 Qc2+ 80. Kd5 Qb3+ 81. Ke4 Qc2+ 82. Kf3 Qd1+ 83. Qe2 Qd5+ 84. Kg3 Qb3+ 85. Kg4 Qb1 86. Qe8+ Kg7 87. Qe5+ Kg8 88. Qe6+ Kg7 89. Qf6+ Kg8 90. Qd8+ Kg7 91. Qd4+ Kg8 92. f5 Qb8 93. Qc4+ Kh8 94. g6 Qa8 95. Qc3+ Kg8 96. Qb3+ Kh8 97. Qh3+ Kg7 98. Qh7+ Kf6 99. Qh4+ Ke5 100. Qg3+ Kd4 101. Qf2+ Kc4 102. g7 Kb5 103. Qe2+ Kc5 104. Qe3+ Kb4 105. Qd4+ Kb5 106. Kg5 Qg2+ 107. Kf6 Qc6+ 108. Ke7 Qa8 109. f6 Qa3+ 110. Qd6 Qe3+ 111. Kf7 Qa7+ 112. Qe7 Qa2+ 113. Kf8 1-0

[Event "34th European Club Cup 2018"]
[Site "Halkidiki"]
[Date "2018.10.14"]
[Round "3"]
[White "Lindberg, Bo"]
[Black "Roiz, Michael"]
[Result "1/2-1/2"]
[WhiteElo "2379"]
[BlackElo "2607"]
[Annotator "TA"]
[PlyCount "56"]
[EventDate "2018.10.12"]
[EventType "team-tourn"]
[EventCountry "GRE"]
[SourceTitle "playchess.com"]
[Source "ChessBase"]
[SourceQuality "1"]
[WhiteTeam "Team Viking"]
[BlackTeam "Beer Sheva"]

1. d4 Nf6 2. Bg5 d5 3. e3 c5 4. Bxf6 gxf6 5. dxc5 e6 6. Nf3 Bxc5 7. c4 dxc4 8. Nbd2 c3 9. bxc3 Be7 10. Qc2 Nd7 11. Rd1 Qc7 12. Nd4 a6 13. Be2 b6 14. Bh5 O-O 15. Qe4 Nc5 16. Qxa8 Bb7 17. Qxf8+ Kxf8 18. O-O b5 19. c4 b4 20. Bf3 Bxf3 21. N4xf3 Na4 22. Rc1 Nc3 23. Rc2 Qd7 24. g3 Qa4 25. Rb2 Qa3 26. Rc2 Qa4 27. Rb2 Qa3 28. Rc2 Qa4 1/2-1/2

[Event "34th European Club Cup 2018"]
[Site "Halkidiki"]
[Date "2018.10.14"]
[Round "3"]
[White "Bates, Richard A"]
[Black "Heinzel, Olaf"]
[Result "0-1"]
[WhiteElo "2374"]
[BlackElo "2331"]
[Annotator "NA"]
[PlyCount "74"]
[EventDate "2018.10.12"]
[EventType "team-tourn"]
[EventCountry "GRE"]
[SourceTitle "playchess.com"]
[Source "ChessBase"]
[SourceQuality "1"]
[WhiteTeam "Blackthorne"]
[BlackTeam "Bonnevoie"]

1. d4 d5 2. c4 c6 3. Nf3 Nf6 4. e3 Bf5 5. Nc3 e6 6. Nh4 Bg6 7. Be2 Nbd7 8. O-O Bd6 9. g3 Nf8 10. c5 Bc7 11. b4 h6 12. b5 Ne4 13. Bb2 Bh7 14. Bd3 g5 15. Ng2 f5 16. f3 Nf6 17. Bc2 Ng6 18. e4 f4 19. e5 fxg3 20. f4 gxh2+ 21. Kh1 O-O 22. exf6 Qxf6 23. Qd3 Qg7 24. fxg5 hxg5 25. Qh3 Rae8 26. bxc6 bxc6 27. Ne2 e5 28. dxe5 Nxe5 29. Qxh7+ Qxh7 30. Bxh7+ Kxh7 31. Bxe5 Bxe5 32. Rab1 Rb8 33. Rbe1 Rxf1+ 34. Rxf1 d4 35. Ne1 Rb1 36. Kg2 d3 37. Ng3 Bxg3 0-1

[Event "34th European Club Cup 2018"]
[Site "Halkidiki"]
[Date "2018.10.14"]
[Round "3"]
[White "Ootes, Lars"]
[Black "Wundermann, Xavier"]
[Result "1-0"]
[WhiteElo "2372"]
[BlackElo "2139"]
[Annotator "NA"]
[PlyCount "103"]
[EventDate "2018.10.12"]
[EventType "team-tourn"]
[EventCountry "GRE"]
[SourceTitle "playchess.com"]
[Source "ChessBase"]
[SourceQuality "1"]
[WhiteTeam "BSG"]
[BlackTeam "Bois-Colombes"]

1. c4 Nf6 2. Nc3 c6 3. Nf3 d5 4. e3 Nbd7 5. d4 e6 6. Bd3 Bd6 7. e4 dxe4 8. Nxe4 Nxe4 9. Bxe4 Nf6 10. Bc2 b6 11. O-O h6 12. Re1 Bb7 13. Ne5 Qc7 14. Bf4 O-O-O 15. Qe2 Nd7 16. Bg3 Nxe5 17. dxe5 Bc5 18. Rab1 Bd4 19. Qg4 g6 20. h4 Rd7 21. Be4 Rhd8 22. h5 gxh5 23. Qxh5 f5 24. Bf3 Rg8 25. Bf4 c5 26. Kf1 Rdg7 27. g3 Bxf3 28. Qxf3 Qb7 29. Ke2 h5 30. Rh1 Rh7 31. Qxb7+ Kxb7 32. b3 h4 33. Rh3 Rg4 34. f3 Rxf4 35. gxf4 Rg7 36. Rxh4 Rg2+ 37. Kd3 Rxa2 38. Rh7+ Ka6 39. Rf1 Ra3 40. Rb1 Ra2 41. Rd7 Rf2 42. b4 Bb2 43. Rh1 Rxf3+ 44. Kc2 Bd4 45. b5+ Ka5 46. Rb1 Rf2+ 47. Kb3 Rf3+ 48. Ka2 Rf2+ 49. Ka3 a6 50. Ra7 Rf3+ 51. Rb3 Bb2+ 52. Ka2 1-0

[Event "34th European Club Cup 2018"]
[Site "Halkidiki"]
[Date "2018.10.14"]
[Round "3"]
[White "Lopez, Jasel"]
[Black "Valdes Escobar, Alvaro"]
[Result "1/2-1/2"]
[WhiteElo "2366"]
[BlackElo "2351"]
[Annotator "NA"]
[PlyCount "133"]
[EventDate "2018.10.12"]
[EventType "team-tourn"]
[EventCountry "GRE"]
[SourceTitle "playchess.com"]
[Source "ChessBase"]
[SourceQuality "1"]
[WhiteTeam "Deloitte"]
[BlackTeam "Wood Green"]

1. Nf3 Nf6 2. c4 b6 3. g3 Bb7 4. Bg2 c5 5. O-O g6 6. b3 Bg7 7. Bb2 O-O 8. Nc3 Na6 9. d4 d5 10. cxd5 Nxd5 11. e3 Nxc3 12. Bxc3 Rc8 13. Rc1 cxd4 14. Nxd4 Bxg2 15. Kxg2 Nc5 16. Ne2 Bxc3 17. Rxc3 Qxd1 18. Rxd1 Rfd8 19. Rcc1 e5 20. g4 a5 21. g5 h6 22. gxh6 Kh7 23. f4 e4 24. Ng3 f5 25. h4 Rxd1 26. Rxd1 Nd3 27. Rd2 Kxh6 28. h5 Rc5 29. Kh3 gxh5 30. Kh4 b5 31. Nxh5 a4 32. bxa4 bxa4 33. Nf6 Rc1 34. Rg2 Rh1+ 35. Kg3 Kg6 36. Nd5 a3 37. Rc2 Rc1 38. Rxc1 Nxc1 39. Nb4 Ne2+ 40. Kf2 Nc3 41. Ke1 Kh5 42. Kd2 Nb5 43. Nd5 Kg4 44. Kc2 Kf3 45. Kb3 Nd6 46. Kb4 Ke2 47. Kc5 Nf7 48. Kd4 Kd2 49. Nb6 Nd6 50. Ke5 Nb5 51. Nd5 Nc3 52. Nxc3 Kxc3 53. Kxf5 Kd3 54. Kg4 Kxe3 55. f5 Kd2 56. f6 e3 57. f7 e2 58. f8=Q e1=Q 59. Qb4+ Kd1 60. Qa4+ Kd2 61. Qa5+ Kd1 62. Qxa3 Qe4+ 63. Kg5 Qe5+ 64. Kg6 Qe6+ 65. Kg7 Kc2 66. Qa5 Kb2 67. a4 1/2-1/2

[Event "34th European Club Cup 2018"]
[Site "Halkidiki"]
[Date "2018.10.14"]
[Round "3"]
[White "Lenaerts, Lennert"]
[Black "Dinev, Dejan"]
[Result "1-0"]
[WhiteElo "2362"]
[BlackElo "2284"]
[Annotator "NA"]
[PlyCount "83"]
[EventDate "2018.10.12"]
[EventType "team-tourn"]
[EventCountry "GRE"]
[SourceTitle "playchess.com"]
[Source "ChessBase"]
[SourceQuality "1"]
[WhiteTeam "Aachen"]
[BlackTeam "Asseco SEE"]

1. d4 d5 2. c4 e6 3. Nc3 Nf6 4. cxd5 exd5 5. Bg5 Be7 6. e3 c6 7. Bd3 h6 8. Bh4 O-O 9. Qc2 Nbd7 10. Nf3 a6 11. O-O b5 12. Rfd1 Bb7 13. Rac1 Ne8 14. Bxe7 Qxe7 15. Ne2 Nd6 16. Ng3 Qe6 17. Bh7+ Kh8 18. Bf5 Nxf5 19. Qxf5 Rfe8 20. Qxe6 Rxe6 21. Ne2 g5 22. h4 f6 23. g4 Re4 24. Nh2 gxh4 25. Nf4 Rg8 26. Kh1 Nb6 27. Rg1 Nc4 28. b3 Nd6 29. Nf3 b4 30. Nxh4 Kh7 31. Nf5 Nb5 32. Rg2 Nc3 33. Rh2 Rxg4 34. f3 Rexf4 35. Rxh6+ Kg8 36. exf4 Rxf4 37. Rg1+ Kf8 38. Nd6 Ne2 39. Rg2 Nxd4 40. Nxb7 Rxf3 41. Nc5 a5 42. Rh7 1-0

[Event "34th European Club Cup 2018"]
[Site "Halkidiki"]
[Date "2018.10.14"]
[Round "3"]
[White "Lovik, Lasse Ostebo"]
[Black "Svetushkin, Dmitry"]
[Result "0-1"]
[WhiteElo "2362"]
[BlackElo "2592"]
[Annotator "ChessBase"]
[PlyCount "86"]
[EventDate "2018.10.12"]
[EventType "team-tourn"]
[EventCountry "GRE"]
[SourceTitle "playchess.com"]
[Source "ChessBase"]
[SourceQuality "1"]
[WhiteTeam "SK Oslo"]
[BlackTeam "Itaka"]

1. d4 Nf6 2. c4 e6 3. g3 Bb4+ 4. Bd2 a5 5. Bg2 d6 6. Nf3 Nbd7 7. O-O e5 8. a3 Bxd2 9. Qxd2 O-O 10. e3 c6 11. Nc3 Re8 12. b3 e4 13. Ng5 d5 14. Rac1 h6 15. Nh3 Nb6 16. cxd5 cxd5 17. Nb5 Re7 18. Rc5 Nbd7 19. Rc3 Nb8 20. Rfc1 Nc6 21. Nf4 Bf5 22. Rc5 g5 23. Ne2 Qd7 24. Nec3 Kg7 25. Na4 Rd8 26. b4 axb4 27. axb4 Bh3 28. Bh1 Bg4 29. Bg2 Bf3 30. Bf1 h5 31. Qb2 h4 32. Nbc3 Qe6 33. Nb6 Na7 34. Nca4 Ng4 35. Qa2 Rh8 36. Rxd5 hxg3 37. fxg3 Rxh2 38. Rxg5+ Kf8 39. Qxh2 Nxh2 40. Nd5 Nxf1 41. Rc5 Qh6 42. Nf4 Qh1+ 43. Kf2 Nd2 0-1

[Event "34th European Club Cup 2018"]
[Site "Halkidiki"]
[Date "2018.10.14"]
[Round "3"]
[White "Ashton, Adam G"]
[Black "Kalaitzoglou, Panayotis"]
[Result "1-0"]
[WhiteElo "2359"]
[BlackElo "2071"]
[Annotator "NA"]
[PlyCount "47"]
[EventDate "2018.10.12"]
[EventType "team-tourn"]
[EventCountry "GRE"]
[SourceTitle "playchess.com"]
[Source "ChessBase"]
[SourceQuality "1"]
[WhiteTeam "Oldham"]
[BlackTeam "Chania CC"]

1. c4 e6 2. Nf3 Nf6 3. g3 Be7 4. Bg2 d5 5. O-O O-O 6. b3 c5 7. cxd5 exd5 8. d4 Nc6 9. Bb2 Re8 10. dxc5 Bxc5 11. Nc3 a6 12. Rc1 Ba7 13. Na4 Ne4 14. Nd4 Ne5 15. Nc3 Ng4 16. e3 Qg5 17. h4 Qh5 18. Nxe4 dxe4 19. Bh3 f5 20. Rxc8 Raxc8 21. Nxf5 Qxf5 22. Bxg4 Qa5 23. Bxc8 Rxc8 24. Qg4 1-0

[Event "34th European Club Cup 2018"]
[Site "Halkidiki"]
[Date "2018.10.14"]
[Round "3"]
[White "Boidman, Yuri"]
[Black "Jens, Jelmer"]
[Result "1-0"]
[WhiteElo "2358"]
[BlackElo "2435"]
[Annotator "NA"]
[PlyCount "75"]
[EventDate "2018.10.12"]
[EventType "team-tourn"]
[EventCountry "GRE"]
[SourceTitle "playchess.com"]
[Source "ChessBase"]
[SourceQuality "1"]
[WhiteTeam "Wirtzfeld"]
[BlackTeam "Leiden"]

1. Nf3 Nf6 2. d4 g6 3. Bf4 Bg7 4. e3 d6 5. h3 O-O 6. Be2 Nbd7 7. O-O Ne4 8. Nbd2 Nxd2 9. Qxd2 e5 10. Bh2 e4 11. Ne1 f5 12. c4 Nf6 13. Rc1 Be6 14. c5 dxc5 15. Rxc5 c6 16. b4 Rf7 17. b5 Bf8 18. Rc1 c5 19. Bc4 Bxc4 20. Rxc4 Qd5 21. Ra4 cxd4 22. Rxd4 Qxb5 23. a4 Qb3 24. Nc2 Rc8 25. Na1 Qe6 26. Rb1 Bc5 27. Rd8+ Rxd8 28. Qxd8+ Kg7 29. Nb3 Bb6 30. Qb8 Nd7 31. Qxb7 Ne5 32. Qb8 Nc6 33. Qa8 Rd7 34. Bf4 Qd5 35. Rc1 Nb4 36. Qe8 Rd8 37. Qe7+ Qf7 38. Qxb4 1-0